Systém evidencie zaknihovaných cenných papierov v SR

Funkcie cenných papierov. Kto je majiteľom zaknihovaných cenných papierov. Zákonné a ekonomické vlastníctvo cenných papierov. Evidencia z hľadiska zúčtovania a vyrovnania obchodov. Dôsledky zrušenia zákonom stanovenej evidencie majiteľov. Systém evidencie z hľadiska regulácie. Najdôležitejšie navrho...

ver descrição completa

Na minha lista:
Detalhes bibliográficos
Autor principal: Foltán, Ján
Formato: Capítulo de Livro
Idioma:eslovaco
Assuntos:
Tags: Adicionar Tag
Sem tags, seja o primeiro a adicionar uma tag!

MARC

LEADER 00000naa a2200000 4500
001 r042421
005 20230801095829.9
041 0 |a slo 
044 |a SK 
245 1 0 |a Systém evidencie zaknihovaných cenných papierov v SR  |c Ján Foltán 
520 |a Funkcie cenných papierov. Kto je majiteľom zaknihovaných cenných papierov. Zákonné a ekonomické vlastníctvo cenných papierov. Evidencia z hľadiska zúčtovania a vyrovnania obchodov. Dôsledky zrušenia zákonom stanovenej evidencie majiteľov. Systém evidencie z hľadiska regulácie. Najdôležitejšie navrhované zmeny oproti súčasnému zákonu o cenných papieroch. 
610 2 0 |a papiere cenné 
610 2 0 |a trh finančný 
610 2 0 |a trh kapitálový 
610 2 0 |a trh peňažný 
610 2 0 |a úpravy právne 
100 1 |a Foltán, Ján